000 00330nam a2200157Ia 4500
001 16825
003 IN-NITTTR
005 20251114233159.0
008 251113s9999||||xx |||||||||||||| ||eng||
040 _beng
040 _cIN-NITTTR
041 _aeng
082 _a891.4 B47
245 0 _aBharatiya sahitya. /
942 _2ddc
_cBK
999 _c19459
_d19459